000
00257 a2200085 4500
082
_a
005.74 ASH
245
_a
Programming with dbased III plus [vol.2]
_c
Ashton.Tata
260
_a
USA :
_b
Ashton.Tata
_c
1987.
300
_b
3 bruchers and 6 floppy disks big
_c
25 cm.
650
_a
computer software
999
_c
392
_d
392